000 00270nam a22001217a 4500
008 190226b xxu||||| |||| 00| 0 eng d
041 _aeng
080 _a371
100 _a46
101 _aEDU
245 _aThe Works of Vincent van Gogh
_cFaille,J.B
942 _2udc
_cBK
999 _c54288
_d54288